International youth hostels : the guide to budget accommodation.

Bibliographic Details
New Title:Hostelling international
Previous Title:International youth hostel handbook
Corporate Author: International Youth Hostel Federation
Format: Serial
Language:English
French
German
Spanish
Language Notes:Text in English, French, German, Spanish.
Published: [Welwyn Garden City, England] : International Youth Hostel Federation, 1990-1992.
Subjects:

MARC

Tag First Indicator Second Indicator Subfields
LEADER 00000cas a2200000 a 4500
001 in00001180021
005 20151002051247.0
008 900220d19911993enkar r 0 0eng d
010 |a sn 92024075  
035 |a (OCoLC)21096451 
035 |9 AGH2661AM 
040 |a AUM  |c AUM  |d GUA  |d COO  |d IUL  |d WAU  |d IUL  |d MYG  |d DLC  |d WAU  |d OCLCQ  |d UtOrBLW 
041 0 |a eng  |a fre  |a ger  |a spa 
042 |a lcd 
049 |a TXAM 
050 1 4 |a TX907  |b .I59 
082 0 4 |a 910 
245 0 0 |a International youth hostels :  |b the guide to budget accommodation. 
246 1 8 |a Guide to budget accommodation 
264 1 |a [Welwyn Garden City, England] :  |b International Youth Hostel Federation,  |c 1990-1992. 
300 |a 3 volumes :  |b illustrations ;  |c 21 cm. 
310 |a Annual 
336 |a text  |b txt  |2 rdacontent 
337 |a unmediated  |b n  |2 rdamedia 
338 |a volume  |b nc  |2 rdacarrier 
362 0 |a 1990-91-1992-93. 
500 |a Description based on 1992-93. 
515 |a Issued in 2 vols.: v. 1, Europe and the Mediterranean; v. 2, Africa, America, Asia, and Australasia. 
525 |a Maps in end pockets accompany some issues. 
546 |a Text in English, French, German, Spanish. 
650 0 |a Youth hostels  |v Directories. 
710 2 |a International Youth Hostel Federation. 
740 0 |a Europe and the Mediterranean. 
740 0 |a Africa, America, Asia, and Australasia. 
775 0 |t International youth hostel handbook (New York, N.Y.)  |w (DLC)sn 98038328  |w (OCoLC)23946650 
780 0 0 |t International youth hostel handbook  |w (DLC) 55035966  |w (OCoLC)2781651 
785 0 0 |t Hostelling international  |w (DLC)sn 93017827  |w (OCoLC)27960656 
850 |a GU  |a NIC 
948 |a Inactive Gift 
994 |a E0  |b TXA 
999 |a MARS 
999 f f |s 51c9b850-4d42-366b-88b0-626ba51af6d4  |i 7ad54e3e-961c-3398-9a16-5d4795fd1d1d  |t 0 
952 f f |p ric  |a Texas A&M University  |b Rellis Campus  |c Joint Library Facility  |d Remote Storage  |t 0  |e TX907 .I59  |h Library of Congress classification  |i unmediated -- volume  |k 1992/1993:v.2  |m A14818046481 
952 f f |p ric  |a Texas A&M University  |b Rellis Campus  |c Joint Library Facility  |d Remote Storage  |t 0  |e TX907 .I59  |h Library of Congress classification  |i unmediated -- volume  |k 1992/1993:v.1  |m A14818455402 
998 f f |a TX907 .I59  |s 1992/1993  |t 0  |l Remote Storage